Rock / Pop Bands A-Z - Statistics

General Stats
  • This quiz has been taken 150 times
  • The average score is 16 of 26
Answer Stats
Letter Hint Answer % Correct
B Best selling band of all time from Liverpool, UK The Beatles
94%
Q Freddie Mercury fronted this successful English rock band Queen
89%
A Australian hard rock, blues rock and heavy metal band formed in 1973 AC/DC
85%
E Los Angeles Rock band who wanted to welcome you to the 'Hotel California' Eagles
85%
R Mick Jagger (can't get no) 'satisfaction' when fronting this legendary English rock band The Rolling Stones
85%
M Los Angeles heavy metal rock band whose lead singer is James Hetfield Metallica
78%
U Most successful Irish rock band of all time U2
78%
P English progressive rock band who created 'The Dark Side of the Moon' Pink Floyd
77%
S Successful English girl band who sang 'Wannabe' in the 1990's Spice Girls
74%
F British / American blues / rock band who produced the best selling album 'Rumours' Fleetwood Mac
72%
V American hard rock band whose name comes from brother's drummer, Alex and guitarist ,Eddie Van Halen
72%
G British progressive rock band who started with Peter Gabriel as lead singer and became even more successful with Phil Collins as lead Genesis
68%
K Las Vegas American rock band who introduced us to 'Mr Brightside' The Killers
68%
N Justin Timberlake fronted this band before he went solo NSync / NSYNC
65%
Z American blues / rock band famous for 2 long beards and a drummer called Beard ZZ Top
65%
Y English rock band whose name seems quite agreeable Yes
62%
W Legendary British rock band fronted by Roger Daltrey The Who
60%
J American band of brothers who produced Motown, soul and pop music before embarking on solo careers The Jackson 5 / The Jacksons
53%
O Successful English / Irish boyband who found fame after winning a UK talent show One Direction
52%
H Back to the Future American rock band who wanted to share 'The Power of Love' Huey Lewis and the News
51%
D Essex born UK synth / rock band who wanted you to 'Enjoy the Silence' Depeche Mode
46%
C American siblings Karen and Richard formed this melodic pop band The Carpenters
45%
I Australian rock band fronted by Michael Hutchence until his death in 1997 INXS
44%
X 70's British Rock band whose name sounded like some 'happy pills' XTC
27%
L English Jazz-funk band who sang 'Lessons in Love' and 'Something About You' Level 42
19%
T 90's English pop band from Manchester who want you 'Back for Good' Take That
18%
No matching quizzes found
Score Distribution
Percent of People with Each Score
Percentile by Number Answered
Your Score History
You have not taken this quiz